1854 1471 1270 1481 1181 1364 1446 1884 1322 1338 1785 1178 1284 1857 1233 1160 1360 1333 1531 1139 1370 1541 1462 1958 1393 1060 1044 1566 1262 1887 1615 1583 1678 1606 1730 1920 1247 1916 1885 1495 1167 1455 1793 1541 1444 1551 1474 1035 1049 1360 1385 1879 1741 1343 1667 1904 1393 1046 1381 1240 1014 1885 1925 1639 1560 1754 1280 1578 1426 1647 1759 1929 1909 1337 1562 1114 1369 1063 1920 1268 1703 1425 1654 1003 1925 1173 1200 1834 1076 1399 1749 1215 1513 1411 1983 1914 1700 1667 1342 BCNSPRNW ULIB Ver.6.0+V

เปลี่ยนเป็นภาษาไทย

Change to English
 แสดงรายละเอียดบรรณานุกรม
  กลับหน้าหลัก

Brief Record : Get Marc (ISO 2709) : E-mail record : QR code < ปิดหน้าต่าง
LEADER : 00000nam 2200000uu 4500
001    13399125853
003     ULIB
008    020711s2017 th a 000 0 eng d
020    ^a9781437965027
060    ^aW84^bT-L
100    ^aTaylor, Becky.
245    ^aLeadership and Management in Healthcare Neil Gopee and Jo Galloway/^bTaylor, Becky.
250    ^a3rd ed
260    ^aLondon :^bSAGE Publications Ltd.,^c2017
300    ^a297 pages;^c22 cm
650    ^aHealth Care Management
945    ^p1037^l0^i003235
999    ^aประนอม เกษจรัล
รายการนี้ยังไม่มีแท็ก
คุณยังไม่ได้ล็อกอิน คุณสามารถมีกิจกรรมร่วมกับเว็บไซต์ได้ แต่ต้องล็อกอินก่อน ::
  ล็อกอิน

รายการสื่อสารสนเทศ

ลำดับที่ ประเภท เลขเรียก/บาร์โค้ด สถานที่ สถานะ
1. วิทยาศาสตร์การแพทย์ และสุขภาพ
หนังสือสำรอง
สถานะ=หนังสือสำรอง
W84 T-L ฉ.1 
  Barcode: 003235
ห้องสมุดวิทยาเขตสวรรค์ประชารักษ์
►หนังสือทั่วไป
บนชั้น

BibComment


ยังไม่เคยถูกคอมเมนท์

คอมเมนท์ทรัพยากรรายการนี้
  คอมเมนท์: Leadership and M..


 Copyright 2026. Bcnsprnw @Library